000 01151nam a22003977a 4500
005 20260206102358.0
008 160112b2014 xxu||||| |||| 00| 0 spa d
020 _a9789506417659
041 _aESP
082 _a658.8 B814n
100 _aBraidot, Néstor Pedro
_9267
245 _aNeuroventas: ¿cómo compran ellos? ¿cómo compran ellas?: aprenda a aplicar los conocimientos sobre el funcionamiento del cerebro para vender con inteligencia y resultados
260 _aArgentina
260 _bGranica
260 _c2014
300 _a275 páginas
650 _aADMINISTRACIÓN
650 _aNEUROCIENCIAS APLICADAS
650 _aMERCADEO
650 _aNEUROVENTAS
650 _aCEREBRO
650 _aVENDER CON INTELIGENCIA
650 _aRESULTADOS EXITOSOS
650 _aCOMPRADOR
650 _aVENDEDOR
650 _aEMOCIONES
650 _aEMPATIA
650 _aCOMPRAS DEL CLIENTE
650 _aCOMUNICACIÓN NO VERBAL
650 _aGESTOS
650 _aEXPRESIONES CORPORALES
650 _aBARRERAS CORPORALES
650 _aDISTANCIAS ZONALES
650 _aDESARROLLO CEREBRAL DEL VENDEDOR
942 _cBK
999 _c7310
_d7310